Ocean Wave Energy Conversion / (Record no. 17034)
[ view plain ]
| 000 -LEADER | |
|---|---|
| fixed length control field | 00772cam a2200229 a 4500 |
| 001 - CONTROL NUMBER | |
| control field | 14784256 |
| 005 - DATE AND TIME OF LATEST TRANSACTION | |
| control field | 20120927141900.0 |
| 008 - FIXED-LENGTH DATA ELEMENTS--GENERAL INFORMATION | |
| fixed length control field | 070326r20071981nyua b 001 0 eng |
| 020 ## - INTERNATIONAL STANDARD BOOK NUMBER | |
| International Standard Book Number | 0486462455 (pbk.) |
| 020 ## - INTERNATIONAL STANDARD BOOK NUMBER | |
| International Standard Book Number | 9780486462455 (pbk.) |
| 082 00 - DEWEY DECIMAL CLASSIFICATION NUMBER | |
| Classification number | 621.312134 |
| Edition number | 22 |
| Item number | MCC |
| 100 1# - MAIN ENTRY--PERSONAL NAME | |
| Personal name | McCormick, Michael E., |
| Dates associated with a name | 1936- |
| 9 (RLIN) | 30993 |
| 245 10 - TITLE STATEMENT | |
| Title | Ocean Wave Energy Conversion / |
| Statement of responsibility, etc | Michael E. McCormick. |
| 260 ## - PUBLICATION, DISTRIBUTION, ETC. (IMPRINT) | |
| Place of publication, distribution, etc | Mineola, N.Y. : |
| Name of publisher, distributor, etc | Dover Publications, |
| Date of publication, distribution, etc | 2007. |
| 300 ## - PHYSICAL DESCRIPTION | |
| Extent | xxii, 233 p. : |
| Other physical details | ill. ; |
| Dimensions | 24 cm. |
| 500 ## - GENERAL NOTE | |
| General note | Originally published: New York : John Wiley, 1981. |
| 504 ## - BIBLIOGRAPHY, ETC. NOTE | |
| Bibliography, etc | Includes bibliographical references and index. |
| 650 #0 - SUBJECT ADDED ENTRY--TOPICAL TERM | |
| Topical term or geographic name as entry element | Ocean wave power. |
| 9 (RLIN) | 30994 |
| 650 #0 - SUBJECT ADDED ENTRY--TOPICAL TERM | |
| Topical term or geographic name as entry element | Ocean energy resources. |
| 9 (RLIN) | 30995 |
| 653 ## - INDEX TERM--UNCONTROLLED | |
| Resource For college | |
| Arrived date list | September2012 |
| 942 ## - ADDED ENTRY ELEMENTS (KOHA) | |
| Source of classification or shelving scheme | Dewey Decimal Classification |
| Item type | Book - Borrowing |
| Withdrawn status | Item status | Source of classification or shelving scheme | Damaged status | Not for loan | Vendor | Home library | Current library | Shelving location | Date acquired | Source of acquisition | Cost, normal purchase price | Serial Enumeration / chronology | Total Checkouts | Total Renewals | Full call number | Barcode | Date last seen | Date last borrowed | Koha item type |
|---|---|---|---|---|---|---|---|---|---|---|---|---|---|---|---|---|---|---|---|
| Dewey Decimal Classification | Baccah | Central Library | Central Library | First floor | 27/09/2012 | 150.00 | 3 | 3 | 41 | 621.312134 MCC | 000027445 | 15/07/2025 | 06/11/2017 | Book - Borrowing | |||||
| Dewey Decimal Classification | Baccah | Central Library | Central Library | First floor | 27/09/2012 | 150.00 | 3 | 2 | 30 | 621.312134 MCC | 000027446 | 15/07/2025 | 07/12/2015 | Book - Borrowing | |||||
| Dewey Decimal Classification | Baccah | Central Library | Central Library | First floor | 27/09/2012 | 150.00 | 3 | 1 | 10 | 621.312134 MCC | 000027447 | 15/07/2025 | 22/03/2015 | Book - Borrowing |